Statistics for Germany Quiz

Click here to take the quiz!

General Stats

  • This quiz has been taken 30 times
  • The average score is 4 of 6

Answer Stats

QuestionAnswer% Correct
Which of these countries do NOT border Germany?Andorra
100%
Which city IS NOT in Germany?Lyon
100%
When did East and West Germany combine to make Germany?1990
73%
Who is arguably the best Germany football player ever?Gerd Muller
65%
When did Germany last win the FIFA World Cup?2014
58%
Who was the first president of Germany?Theodor Heuss
50%

Score Distribution

Percentile by Number Answered

Percent of People with Each Score

Your Score History

You have not taken this quiz